| 000 | 00717nam a2200193 i 4500 | ||
|---|---|---|---|
| 001 | 103807 | ||
| 003 | ES-MaACL | ||
| 005 | 20231227192103.0 | ||
| 007 | t| | ||
| 008 | 051118s1949 sp ||||1| spa d | ||
| 100 | 1 |
_aMerritt, H. Houston. _980604 |
|
| 245 | 1 | 0 |
_aFundamentos de neurología clínica / _cpor H. Houston Merrit... Fred A. Mettler... y Tracy Jackson Putnam...; traducción del inglés por el Dr. Francisco Grande Covián... |
| 260 |
_aMadrid : _bEspasa-Calpe, _c1949. |
||
| 300 |
_aXII, 326 p. con 1 graf. : _bil. ; _c25 cm. |
||
| 700 | 1 |
_aPutnam, Tracy Jackson. _994435 |
|
| 700 | 1 |
_aGrande Covián, Francisco, _d1909-1995 _959588 |
|
| 852 |
_aES-MaACL _jD-7196 _bR.27094 |
||
| 999 |
_c103807 _d103807 |
||